1370 1311 1350 1166 1134 1384 1848 1737 1411 1395 1020 1266 1183 1904 1918 1694 1158 1676 1050 1606 1806 1487 1315 1702 1194 1221 1581 1283 1399 1423 1090 1606 1121 1757 1124 1356 1352 1584 1067 1394 1381 1476 1103 1726 1945 1820 1266 1283 1707 1559 1402 1762 1759 1422 1631 1087 1432 1975 1321 1037 1850 1301 1282 1504 1624 1820 1979 1781 1927 1564 1018 1570 1214 1986 1244 1802 1881 1210 1688 1150 1777 1338 1552 1493 1321 1036 1708 1791 1149 1458 1801 1488 1363 1844 1412 1364 1965 1944 1821 BCNSPRNW ULIB Ver.6.0+V

เปลี่ยนเป็นภาษาไทย

Change to English
 แสดงรายละเอียดบรรณานุกรม
  กลับหน้าหลัก

Brief Record : Get Marc (ISO 2709) : E-mail record : QR code < ปิดหน้าต่าง
LEADER : 00000nam 2200000uu 4500
001    13399122445
003     ULIB
008    130612s2555||||th 000 0 tha d
020    ^a9786167047126
060 04 ^aWF145^bท116ก
100 1  ^aทนันชัย บุญบูรพงศ์
245 10 ^aการบำบัดระบบหายใจในเวชปฏิบัติ =^bRespiratory care in clinical practice /^cทนันชัย บุญบูรพงศ์
246 31 ^aRespiratory care in clinical practice
250    ^aพิมพ์ครั้งที่ 3
260    ^aกรุงเทพฯ :^bภาควิชาวิสัญญีวิทยา คณะแพทยศาสตร์โรงพยาบาลรามาธิบดี. มหาวิทยาลัยมหิดล,^c2555
300    ^a590 หน้า. :^bภาพประกอบ ;^c26 ซม.
500    ^aเรียบเรียงครั้งที่ 3 มกราคม 2555
650  4 ^aระบบหายใจ
650  4 ^aระบบหายใจ^xการรักษา
710 2  ^aมหาวิทยาลัยมหิดล. ^bคณะแพทยศาสตร์โรงพยาบาลรามาธิบดี.
945    ^p500^l0^i19926
945    ^p500^l0^i19927
995    ^aทศพร
999    ^aทศพร
รายการนี้ยังไม่มีแท็ก
คุณยังไม่ได้ล็อกอิน คุณสามารถมีกิจกรรมร่วมกับเว็บไซต์ได้ แต่ต้องล็อกอินก่อน ::
  ล็อกอิน

รายการสื่อสารสนเทศ

ลำดับที่ ประเภท เลขเรียก/บาร์โค้ด สถานที่ สถานะ
1. วิทยาศาสตร์การแพทย์ และสุขภาพ
วิทยาศาสตร์การแพทย์ และสุขภาพ
สถานะ=หนังสือเก่า
WF145 ท116ก ฉ.1 
  Barcode: 19926
ห้องสมุดวิทยาเขตนครสวรรค์
►ส่วนจัดเก็บหนังสือเก่า นว.
บนชั้น
  ขอยืม
2. วิทยาศาสตร์การแพทย์ และสุขภาพ
วิทยาศาสตร์การแพทย์ และสุขภาพ
สถานะ=หนังสือเก่า
WF145 ท116ก ฉ.2 
  Barcode: 19927
ห้องสมุดวิทยาเขตนครสวรรค์
►ส่วนจัดเก็บหนังสือเก่า นว.
บนชั้น
  ขอยืม

รายการใกล้เคียง
    ผู้แต่ง [ทนันชัย บุญบูรพงศ์]

    หัวเรื่อง [ระบบหายใจ]

BibComment


ยังไม่เคยถูกคอมเมนท์

คอมเมนท์ทรัพยากรรายการนี้
  คอมเมนท์: การบำบัดระบบหายใ..


 Copyright 2026. Bcnsprnw @Library